| 000 | 00775nam a2200217 a 4500 | ||
|---|---|---|---|
| 003 | 0 | ||
| 005 | 20250215080754.0 | ||
| 008 | 130828s19uu xx 00 eng d | ||
| 050 |
_aPGS HQ 1075 _b.H991 2013 |
||
| 100 | _aHwang, Juhyung. | ||
| 245 |
_aGender and healthy habits / _cJuhyung Hwang. |
||
| 260 |
_aLas PiƱas City, Philippines : _bSouthville International School and Colleges, _c2013. |
||
| 300 |
_a32 pages : _billustrations ; _c28 cm. |
||
| 504 | _aIncludes bibliographical references. | ||
| 650 |
_aHygiene _vSex differences. |
||
| 650 |
_aHealth attitudes _vGender differences. |
||
| 650 |
_aHealth behavior _vSex differences. |
||
| 650 |
_aSchool children _vHealth and hygiene. |
||
| 650 | _aGender differences in health behavior. | ||
| 942 |
_2lcc _cPASS |
||
| 999 |
_c98987 _d98987 |
||